000 00264nam a2200121Ia 4500
005 20251222143250.0
008 251222s9999||||xx |||||||||||||| ||spa||
082 _a828.91/C76J
100 _aConrad, Joseph
245 0 _aJuventud:
264 _bAdobe
942 _cLIB
999 _c14937
_d14937